নূতন গৎ শিক্ষা বা সরল হারমনিয়ম শিক্ষা / (Record no. 8036)
[ view plain ]
| 000 -LEADER | |
|---|---|
| fixed length control field | 00742nam a2200205 a 4500 |
| 003 - CONTROL NUMBER IDENTIFIER | |
| JCCL marc code | BD-JhCC |
| 005 - DATE AND TIME OF LATEST TRANSACTION | |
| control field | 20180217182746.0 |
| 008 - FIXED-LENGTH DATA ELEMENTS--GENERAL INFORMATION | |
| fixed length control field | 180217s1367 ii a|||| |||| 000 0 ben d |
| 035 ## - SYSTEM CONTROL NUMBER | |
| system control number | (BD-JhCC) |
| 040 ## - CATALOGING SOURCE | |
| Original cataloging agency | BD-JhCC |
| Modifying agency | BD-JhCC |
| 041 ## - LANGUAGE CODE | |
| Language code of Book | ben |
| 082 ## - DEWEY DECIMAL CLASSIFICATION NUMBER | |
| Classification number | 780.7 |
| Author mark and Year | DAS 1367 |
| 100 ## - MAIN ENTRY--PERSONAL NAME | |
| Personal name | দাস, শ্রী কার্ত্তিক চন্দ্র |
| 245 ## - TITLE STATEMENT | |
| Title | নূতন গৎ শিক্ষা বা সরল হারমনিয়ম শিক্ষা / |
| Statement of responsibility, etc | শ্রী কার্ত্তিক চন্দ্র দাস, |
| 260 ## - PUBLICATION, DISTRIBUTION, ETC. (IMPRINT) | |
| Place of publication, distribution, etc | কলকাতা : |
| Name of publisher, distributor, etc | দেব সাহিত্য কুটির, |
| Date of publication, distribution, etc | 1367. |
| 300 ## - PHYSICAL DESCRIPTION | |
| Pagination | 120 p. : |
| Dimensions | 22 cm. |
| 650 ## - SUBJECT ADDED ENTRY--TOPICAL TERM | |
| Topical term or geographic name as entry element | Music |
| 942 ## - ADDED ENTRY ELEMENTS (KOHA) | |
| Source of classification or shelving scheme | Dewey Decimal Classification |
| Koha item type | Books |
| Source of classification or shelving scheme | Damaged status | Not for loan | Home library | Current library | Shelving location | Cost, normal purchase price | Total Checkouts | Full call number | Barcode | Date last seen | Copy number | Koha item type |
|---|---|---|---|---|---|---|---|---|---|---|---|---|
| Dewey Decimal Classification | JCC Rouf Library | JCC Rouf Library | General Stacks | 2.00 | 780.7 DAS 1367 | 10609 | 02/17/2018 | C-1 | Books |